000 00936nam a2200253 i 4500
001 28727
003 ES-MaACL
005 20250804062527.0
007 t|
008 030120s1978 sp ||||1| spa d
100 1 _aBakunin, Mijail Aleksandrovich,
_d1814-1876
_9240797
245 1 0 _aEscritos de filosofía política... /
_cMijail Bakunin... ; compilacion de G. P. Maximoff ; traductor: Antonio Escohotado.
260 _aMadrid :
_bAlianza,
_c1978.
300 _a2 v. ;
_c18 cm.
490 1 _aEl libro de bolsillo ;
_v679-80
505 8 _aContiene: T.I: Crítica de la sociedad. -- T.II: El anarquismo y sus tácticas
700 1 _aMaximoff, G. P.
_979308
700 1 _aEscohotado, Antonio,
_d1941-2021
_947583
740 0 _aCrítica de la sociedad.
740 3 _aEl anarquismo y sus tácticas.
830 0 3 _aEl libro de bolsillo
_v679-80
_9177802
852 _aES-MaACL
_jA-8586-7
_bR.97452
999 _c28727
_d28727